000
00317 a2200121 4500
001
147054
040
_c
Escola São Tomás de Aquino
100
_a
FERREIRA, Fabio Gonçalves
240
1
0
_a
Medo de ninguém
_l
por
245
1
0
_a
Medo de ninguém
697
_a
Problemas de disciplina. Violência estudantil
942
_c
BK
999
_c
147054
_d
147054